| 000 | 01818naa a2200253 i 4500 | ||
|---|---|---|---|
| 001 | 153 | ||
| 003 | KOSZ 005 | ||
| 005 | 20191005093907.0 | ||
| 008 | 151207s2001 pl | | |100 ||pol | ||
| 040 |
_cBPK _dKOSZ 005/EG |
||
| 080 | _a004.2 | ||
| 080 | _a621.3.037/.049 | ||
| 100 | 1 |
_aGRETKOWSKI, Dariusz. _d1996 - . _bPolitechnika Koszalińska - Wydział Elektroniki, _cKatedra Systemów Cyfrowego Przetwarzania Sygnałów |
|
| 245 | 1 | 0 |
_aProjekt i realizacja kombinacyjnych i sekwencyjnych układów cyfrowych przełączanych prądem / _cDariusz Gretkowski, Oleg Maslennikow. |
| 520 | _aW pracy omawiane są zagadnienia dotyczące projektowania i realizacji wielofunkcyjnego układu scalonego zbudowanego z bramek przełączanych prądem. Zaprojektowany układ zawiera zestaw różnych przerzutników (RS, T, D i JK), rejestr przesuwny, enkoder, multiplekser, LUT (look up table) oraz 4-bitowe ALU -analog układu Am2901. Dla wszystkich zaprojektowanych schematów układu zostały przetestowane ich modele utworzone w języku VHDL. Wyprodukowany został również prototyp układu, który pozwolił zweryfikować metodę projektowania, modele symulacyjne w języku VHDL oraz "layout" struktury układu. Określone zostały także rzeczywiste parametry układu. | ||
| 650 | 0 | _aUkłady cyfrowe. | |
| 650 | 0 | _aVHDL. | |
| 650 | 0 | _aJęzyki programowania. | |
| 655 | 0 | _aMateriały konferencyjne. | |
| 711 | 2 | 2 |
_aRUC 2001 _n(4 ; _d2001 ; _cSzczecin, Polska). |
| 773 | 0 |
_iW : _tReprogramowalne Układy Cyfrowe RUC 2001 : IV Krajowa Konferencja Naukowa, Szczecin, 7-8 maja 2001 : materiały. - _dSzczecin : Informa, 2001. - _gs. 249-256 |
|
| 700 | 1 |
_aMaslennikow, Oleg _d1996 - 2010. _bPolitechnika Koszalińska - Wydział Elektroniki, _cKatedra Inżynierii Komputerowej |
|
| 942 |
_cROZ _2UKD |
||
| 999 |
_c153 _d153 |
||